000 00540nam a2200181Ia 4500
008 100920s9999 xx 000 0 und d
082 _b35369
_a6 थ 49
100 _aCLARK BARRETT H & LIEBER MAXIM.
245 _aGREAT SHORT STORIES OF THE WORLD.
260 _bWILLIAM HEINEMANN LTD., LONDON.
_c1949
300 _a1070
_bसाधी
365 _b0
520 _aई.एल. एफ.
630 _aGREAT SHORT STORIES OF THE WORLD.
650 _aई.एल. एफ.
730 _aGREAT SHORT STORIES OF THE WORLD.
942 _cBOOK
999 _c689324
_d689321